| 000 | 00858cam a22002651 4500 | ||
|---|---|---|---|
| 001 | 19416 | ||
| 003 | BD-RjUL | ||
| 005 | 20211209000429.0 | ||
| 008 | 140224s1966 enk 001 1 eng | ||
| 035 | _a(BD-RjUL)19476 | ||
| 035 | _a(OCoLC)6819593 | ||
| 040 |
_aDLC _cPEdiS _dBD-RjUL _beng |
||
| 041 | _aeng | ||
| 082 | 0 | 0 |
_a821.9108 _bNIN 1966 |
| 245 | 1 | 0 |
_aNine modern poets : _ban anthology / _cselected and edited by E. L. Black. |
| 260 |
_aLondon : _bMacmillan, _cc1966. |
||
| 300 |
_ax, 230 p. ; _c21 cm. |
||
| 504 | _aIncludes index. | ||
| 505 | 0 | _aW. B. Yeats. -- Wilfred Owen. -- T. S. Eliot. -- John Bejeman. -- W. H. Auden. R. S. Thomas. -- Dylan Thomas. -- Philip Larkin. -- Ted Hughes. | |
| 650 | 0 |
_aEnglish poetry. _959678 |
|
| 700 | 1 |
_aBlack, Edward Loring, _959679 |
|
| 942 |
_2ddc _cBK |
||
| 999 |
_c19416 _d19416 |
||